Records of the zoological survey of India : (Record no. 41765)

MARC details
000 -LEADER
fixed length control field 00811nam a22002057a 4500
005 - DATE AND TIME OF LATEST TRANSACTION
control field 20100813150344.0
010 ## - LCCN (DPL NO)
LC control number ENG-100191
020 ## - INTERNATIONAL STANDARD BOOK NUMBER
International Standard Book Number 9788181712387
Terms of availability 100.00
035 ## - SYSTEM CONTROL NUMBER
System control number EN-83723
037 ## - SOURCE OF ACQUISITION
Stock number DBAD/PUB
082 ## - DEWEY DECIMAL CLASSIFICATION NUMBER
Classification number 591.05
100 ## - MAIN ENTRY--PERSONAL NAME
Personal name P. Krishnamoorthy
245 ## - TITLE STATEMENT
Title Records of the zoological survey of India :
Statement of responsibility, etc by P. Krishnamoorthy
Remainder of title brachyuran crabs from the collections of marine biological centre /
260 ## - PUBLICATION, DISTRIBUTION, ETC. (IMPRINT)
Place of publication, distribution, etc Kolkata
Name of publisher, distributor, etc Zoological Survey of India
Date of publication, distribution, etc 2009
270 ## - ADDRESS
Address 234/4 A. J. C. Bose Road, 2nd MSO Building, Nizam Place
City Kolkata
Postal code 700020
300 ## - PHYSICAL DESCRIPTION
Extent 46 p.
Dimensions 20cm (Pbk)
700 ## - ADDED ENTRY--PERSONAL NAME
9 (RLIN) 12834
942 ## - ADDED ENTRY ELEMENTS (KOHA)
Source of classification or shelving scheme Dewey Decimal Classification
Item type English Books
Classification part 591.05
Call number suffix PKR
Holdings
Withdrawn status Lost status Not for loan Collection code Home library Current library Date acquired Cost, normal purchase price Full call number Barcode Copy number Cost, replacement price Koha item type
    Not For Loan Non-fiction D.B.Act.Division D.B.Act.Division 13/08/2010 100.00 591.05 PKR EN-83723 1 100.00 English Books

© Delhi Public Library
Hit Counter
free hit counter